MDQL
is popping MORE tags! Check the
thread
!
Quizzes
Events
Quiz Creation
Community
Videos
Private Events
Remove Ads
Sign In
Join for FREE
Feedback
Dark Mode
Quiz Categories
Sports
Geography
Music
Movies
Television
Just For Fun
Miscellaneous
History
Literature
Language
Science
Gaming
Entertainment
Religion
Holiday
For Kids
Quiz Lab
Recent
Popular Today
Quiz Kudos Today
Editor Picks
Curator Picks
Quizzes by...
Day
Popularity
Type
Ratings
Length
Year
Community
Subscriptions
Recent Discussions
Orange Saloon
Badges
Playlists
Quests
Create
Leaderboards
Showdown
Live 5
Trivia Bingo
Activity
Puzzle Library
Sporcle Events
Private Events
Virtual Trivia
Globe League
Become a Host
Pub Owners
SporcleCon
Opinionation
Our Games
Videos
Blog
Mobile Apps
Partnerships
Remove Ads and Go Orange
Feedback
Sports
Athletes
MLB
NBA
NHL
NFL
Soccer
Sports Teams
WWE
NCAA
Football
Premier League
Basketball
Baseball
Hockey
Golf
Tennis
Cricket
Rugby
Auto Racing
Olympics
World Cup
Sports
Athletes
MLB
NBA
NHL
NFL
Soccer
Sports Teams
WWE
NCAA
Football
Premier League
Basketball
Baseball
Hockey
Golf
Tennis
Cricket
Rugby
Auto Racing
Olympics
World Cup
Random Quiz
Search Sporcle
×
Quiz Lab
Quiz Lab
Sports
World
Type in answers that appear in a list
Type in answers that appear in a list
Classic
Best Score? Go Orange.
NASCAR Truck Series Drivers Born Since 1990 Stats
Can you name the NASCAR Camping World Truck Series Drivers Born Since 1990?
By
thebandit33
15m
114 Questions
97 Plays
97 Plays
97 Plays
Comments
Comments
Give Quiz Kudos
Give Quiz Kudos
-
- Ratings
hide this ad
Replay
Link that replays current quiz
Next Quiz
Link to next quiz in quiz playlist
You Got
0%
They Got
Avg Score
29%
Avg Friend Score
Upgrade to see
Score Distribution
Jump to the score distribution portion of the page
Score
0/114
Timer
15:00
0
Plays Today
Year Born
Driver
% Correct
1992
Ty Dillon
90.2%
1990
Austin Dillon
89.7%
1998
Kaz Grala
86.4%
1999
Derek Scott, Jr.
86.4%
1994
Christopher Bell
85.7%
1994
Austin Hill
83.3%
1991
Ray Black, Jr.
83.3%
1997
John Hunter Nemechek
82.6%
1997
Brandon Jones
82%
1993
Darrell Wallace, Jr.
80.7%
1998
Cole Custer
80.6%
1996
Erik Jones
80.4%
1994
Devin Jones
78.6%
1999
Justin Haley
78.6%
1993
Timmy Hill
78.3%
1992
Daniel Suarez
77.8%
1996
Cameron Hayley
77.8%
2000
Harrison Burton
77.3%
1995
Chase Elliott
76.8%
1998
Noah Gragson
76.2%
1992
Kyle Larson
76.1%
1993
Ryan Blaney
75%
1997
Ben Rhodes
75%
1998
Gray Gaulding
75%
1992
Korbin Forrister
72.2%
1991
Daniel Hemric
71.7%
1996
Tyler Reddick
71.4%
1997
William Byron
71.4%
1998
Austin Cindric
71.4%
1990
James Buescher
71.1%
1994
Austin Theriault
69.4%
1992
Johanna Long
69.1%
1990
Joey Logano
69.1%
1992
Gary Klutt
68.2%
2000
Kyle Donahue
68.2%
1994
Kevin Donahue
68.2%
1991
Josh White
68.2%
1990
Parker Kligerman
68%
Year Born
Driver
% Correct
1992
Rico Abreu
67.9%
1995
Cody Coughlin
67.9%
1998
Dalton Sargeant
67.9%
1997
Jesse Little
67.9%
1992
Ross Chastain
67.1%
1990
Joey Coulter
67%
1991
Cole Whitt
66%
1992
Garrett Smithley
65.7%
1990
Tyler Young
64.8%
1996
Austin Wayne Self
64.3%
1996
Bobby Pierce
64.3%
1991
Ben Kennedy
64%
1991
Jordan Anderson
63.9%
1995
Cody Ware
63.9%
1991
Corey LaJoie
63.9%
1990
Josh Berry
63.6%
1992
Jeb Burton
63.4%
1992
Justin Jennings
62.5%
1992
Brett Moffitt
62.3%
1992
Ryan Truex
61.3%
1996
Matt Tifft
61.1%
1992
Dexter Stacey
60.7%
1997
Kyle Weatherman
60.7%
1991
Daniel Brown
60.7%
1992
Dusty Davis
59.8%
1990
Marc Davis
59.8%
1991
Dakoda Armstrong
59.8%
1992
Casey Roderick
59.8%
1993
Max Gresham
59.8%
1992
Josh Reeves
59.1%
1994
Mason Mingus
58.7%
1991
Tyler Tanner
58.5%
1990
Brennan Newberry
57.7%
1993
David Levine
57.1%
1993
Ross Kenseth
57.1%
1992
Enrique Contreras, III
55.6%
1993
Brandon Brown
55.6%
1999
Bryce Napier
54.5%
Year Born
Driver
% Correct
1994
Grant Galloway
53.6%
1993
Paige Decker
53.6%
1992
Kyle Fowler
53.6%
1998
Jake Griffin
53.1%
1994
Mason Mitchell
52.8%
1994
Myatt Snider
52.4%
1990
Stephan McCurley
50.5%
1993
Caleb Roark
50.5%
1992
Chad Boat
50%
1991
Brennan Poole
50%
1993
Alex Bowman
50%
1996
Spencer Boyd
50%
1997
Justin Fontaine
50%
1995
Claire Decker
50%
1992
Nick Hoffman
49.5%
1991
Jake Crum
48.5%
1993
Ryan Reed
47.6%
1995
Dominique Van Wieringen
47.6%
1993
Shane Lee
45.5%
1997
Sheldon Creed
45.5%
1993
Dylan Lupton
45.5%
1993
T.J. Duke
43.9%
1992
Ryan Rust
43.3%
1996
Camden Murphy
41.7%
1996
Alex Guenette
41.3%
1997
Brady Boswell
40.9%
1991
Brandon McReynolds
40.3%
1993
Josh Williams
38.9%
1991
Paddy Rodenbeck
38.1%
1991
Chad Hackenbracht
37.7%
1996
Matt Mills
36.4%
1991
Alon Day
36.4%
1991
Matt Kurzejewski
34.8%
1990
Josh Reaume
30.4%
1998
Brandon Hightower
28.6%
1995
Nick Drake
22.7%
1992
Chad Finley
21.4%
1993
C.J. Faison
18.2%
Quiz Playlist
Details
Report
Send in Message
Add To Playlist
Classic:
Type in answers that appear in a list
Last Updated: Feb 16, 2017
Quiz Scoreboard
CHALLENGE
Sign Up to Join the Scoreboard
Show All
Scores
Hide
Comments
May contain spoilers
Recently Published
Two Season TV Shows II
by 123Four
Television
10m
Image Sorting: Flags VI
by Barbecue
Geography
2m
Find the 'City' Movie
by crazypaving
Movies
60s
More to Explore
Quiz From the Vault
Featured Blog Post
14 Easter Pick-up Lines to Find Eggs With
hide this ad
You Might Also Like...
Tags
World Quiz
1990
Born
Camping
Driver
NASCAR
Series
truck
World Truck
Today's Top Quizzes in Sports
Browse Sports
hide this ad
Today's Top Quizzes in World
Browse World
Top Contributed Quizzes in Sports
1
Les meilleurs buteurs des matchs entre le PSG et l’OM
2
Les entraîneurs de l'OM et du PSG au 21e siècle
3
2022 World Cup Stars
4
Les joueurs passés par le PSG et l'OM
5
Players with Multiple 50 Home Run Seasons
6
FIFA Club World Cup Champions
7
Criteria MLB: Left Handed Sluggers
8
Les joueurs passés par le LOSC et le RC Lens
9
Top 10 NHL Goal Scorers of All Time
10
MLB Players with Two .350 Batting Average Seasons
Explore More
Trending Topics
Anime
Harry Potter
Marvel
NBA
Crossword
Disney
Kpop
NFL
WWE
Country
Puzzle
Song
The Office
Soccer
Pokémon
hide this ad
More By:
thebandit33
Quiz
Plays
Rating
Category
Featured
Created
All-Time World of Outlaws Sprint Car Feature Winners
447
5.00
Sports
Jan 12, 2015
ARCA Race Winners Since 2000
367
4.67
Sports
Dec 12, 2010
Trucks of 1991 Monster Truck Challenge
255
5.00
Sports
Jan 4, 2011
NASCAR XFINITY Series: Four Decade Drivers
199
3.00
Sports
Feb 21, 2011
NASCAR Modified Tour Race Winners
184
Sports
Dec 16, 2010
Go to Creator's Profile
Score Distribution
Quiz Creator Spotlight
thebandit33
Follow
Send a Message
Quizzes Created
-
Created Quiz Play Count
-
More By This Creator
Popular Quizzes Today
1
Find the US States - No Outlines Minefield
2
Colored Red Africa Blitz
3
Find the 'City' Movie
4
5x2 Blitz: Bands
5
The Countries of the World
6
Find the Countries of Europe - No Outlines Minefield
7
Find the US States
8
US States
More Sports Quizzes
European Soccer Teams 'I'
Published
Trending Quizzes
Colored Red Europe Blitz I
Colored Red Africa Blitz II
Colored Red Europe Blitz II
Colored Red Europe Blitz III
Colored Red Africa Blitz III
Recently Updated
How Do You Spell That?
pecheneg
Godzilla Movies
pecheneg
Grab Bag: 4-10 Letters
pecheneg
2024 March Madness Bracket
pecheneg
Famous TV Couples
Peacemaker
Champions League XIs: Real Madrid
pecheneg
Largest US Cities 1790-2010
pecheneg
Rides in Walt Disney World
pecheneg
Most Oscar Losses (Acting)
pecheneg
Beyoncé Albums
pecheneg
Trending Topics
NBA
Disney
Kpop
Anime
Harry Potter
Marvel
Crossword
Pokémon
WWE
Puzzle
The Office
Soccer
Song
Country
NFL
Your Account Isn't Verified!
In order to create a playlist on Sporcle, you need to verify the email address you used during registration. Go to your
Sporcle Settings
to finish the process.
Report this User
Report this user for behavior that violates our
Community Guidelines
.
Details:
Send Report
Go to the Sporcle.com Mobile Site →
Comments